| 000 | 00931cam a22002531 4500 | ||
|---|---|---|---|
| 001 | 2738 | ||
| 003 | BD-RjUL | ||
| 005 | 20211208233617.0 | ||
| 008 | 131217s1955 mduab b 000 0 eng | ||
| 035 | _a(BD-RjUL)2765 | ||
| 035 | _a(OCoLC)971708 | ||
| 040 |
_aDLC _cTxU-Da _dOCoLC _dNcGU _dDLC _dBD-RjUL _beng |
||
| 041 | _aeng | ||
| 082 |
_a338.9669 _220 _bECO 1955 |
||
| 110 | 2 |
_aWorld Bank. _96092 |
|
| 245 | 1 | 4 |
_aThe economic development of Nigeria : _breport of a mission organized by the International Bank for Reconstruction and Development at the request of the Governments of Nigeria and the United Kingdom / _cWorld Bank. |
| 260 |
_aBaltimore, _bJohn Hopkins Press _c[1955] |
||
| 300 |
_axxii, 686 p. _b maps (part fold., part col.) diagrs., tables. _c24 cm. |
||
| 504 | _aBibliographical footnotes. | ||
| 651 | 0 |
_aNigeria _xEconomic policy. _98788 |
|
| 942 |
_2ddc _cBK |
||
| 999 |
_c2738 _d2738 |
||